000 00501nam a22001697a 4500
999 _c8570
_d8570
008 201202b ||||| |||| 00| 0 eng d
040 _aBMS College of Architecture
100 _aKrishna, Sumanth
245 _aEtching Ethos
300 _a39p.
500 _a1BM13AT069
502 _8B,Arch
_NBMS College of Architecture, Visvesvaraya Technological University (VTU)
_aProject report
_d2017
650 _aNA
700 _aSayee Deodhar
_eGuide
700 _aPraveen Upadhaye
_eGuide
942 _2ddc
_cTHE